000 00515nam a22001697a 4500
005 20251108171730.0
008 250721s1983 xx 000 0 ara d
082 1 4 _a658/فيص
100 1 _aمرار، فيصل فخري
245 1 0 _aالإدارة :
_bالأسس و النظريات و الوظائف /
264 1 _aعمان :
_bدار مجدلاوي،
_c1983.
300 _a337ص
650 1 7 _aإدارة الأعمال
650 1 7 _aالإدارة و التنظيم
942 _2ddc
_cBK
999 _c61100
_d61100